Historia, Geografía y Ciencias Sociales 8° Básico: guía didáctica del docente

Enregistré dans:
Détails bibliographiques
Auteur principal: Córdova Serrano, Ignacio (Auteur)
Autres auteurs: Luque Carmona, Daniela (autora)
Format: Livre
Langue:espagnol
Publié: Santiago Ediciones SM Chile S. A 2016
Édition:1a. ed
Sujets:
Tags: Ajouter un tag
Pas de tags, Soyez le premier à ajouter un tag!

MARC

LEADER 00000cam a2200000 a 4500
001 UCD9763
003 CL-VaPUC
008 170709e20160000cl |||||||||||||||||spa|d
020 |a 9789563499469 
082 0 4 |a 372.89  |b COR  |2 21 
100 0 |a Córdova Serrano, Ignacio  |e author  |9 593412 
700 |a Luque Carmona, Daniela  |e autora  |9 593452 
245 1 0 |a Historia, Geografía y Ciencias Sociales 8° Básico: guía didáctica del docente 
250 |a 1a. ed 
300 |a pág. irreg 
942 |c BK 
945 |d 20170709 17:01:00  |a dcastane 
260 |a Santiago  |b Ediciones SM Chile S. A  |c 2016 
500 |a Incluye texto del estudiante 
650 0 |a Enseñanza de la historia   |9 307330 
650 0 |a Enseñanza de la geografía  |9 310005 
650 0 |a Enseñanza de las ciencias sociales  |9 337823 
650 0 |a Educación básica   |9 224933 
583 |a last modification  |c 20170709 17:01:00  |k Rodrigo Vera 
999 |c 368782  |d 368780 
952 |0 0  |1 0  |3 erb  |4 0  |6 372_890000000000000_COR_2016  |7 0  |8 A  |9 484221  |a BIBEDU  |b BIBEDU  |i 5405181  |l 3  |o 372.89 COR 2016  |p 5405181  |r 2023-10-11  |s 2023-10-11  |w 2019-11-24  |y BK  |z Catalogado en:20170709  |k EPE